000 00668nam a22001937a 4500
005 20170814143841.0
010 _aENG-119766
020 _c650.00
_a9788190892391
035 _aEN-103298
037 _bDBAD/PUB
082 _a333.7095475
100 _aPhukan,Digvijoy
245 _aOur rann, your sanctuary :
_cby Digvijoy Phukan
_bAgarias of little rann of kachchh Gurjarat /
260 _aNew Delhi
_bAlterNotes Press
_c2016
270 _bNew Delhi
_a161/55, Hasrat Mohani Lane, Ghafoor Nagar Road Jamia Nagar,
_e110025
300 _ax,164p. :
_c22cm(Hb)
_bill.
500 _aIncludes bibligraphical references
942 _cEN
_h333.7095475
_mPHU
_2lcc
999 _c143352
_d143352